000 00280nam a22001337a 4500
008 170227b xxu||||| |||| 00| 0 eng d
020 _a0443075409
041 _aeng
080 _a617
100 _a5
101 _aSHK
245 _aSPINE SURGERY
_cBENZEL.E.C
942 _2udc
_cBK
999 _c6260
_d6260